000 00377cam a2200145ua 4500
003 OSt
008 220829b |||||||| |||| 00| 0 eng d
082 _a633.83
_bCHA/DI
100 _aChattopadhyay, S.B
_95253
245 _aDiseases of betelvine and spices
250 _a2nd
260 _aNew delhi
_bindian council of agricultural research
_c1990
300 _a160
942 _cBK
999 _c11075
_d11075